000 01485cam a2200385 i 4500
999 _c66321
_d66321
001 768714001
003 CO-MdFUSB
005 20200626215829.0
007 ta
008 980414t1998 tnu b 000 0deng
010 _a 98021267
020 _a0805491996
040 _aDLC
_cCO-MdFUSB
_dDLC
_bspa
_erda
041 _aeng
042 _apcc
082 0 0 _221
_a270.2092
_bD514
100 1 _aDeVries, Mark.
_eautor
245 1 0 _aAugustine's Confessions
_c/ Mark DeVries ; editado por Kirk Freeman
264 1 _aNashville, Tenn. :
_bBroadman and Holman Publishers,
_c[1998]
264 4 _c© 1998
300 _aviii, 102 páginas ;
_c21 cm.
336 _2rdacontent
_atexto
_btxt
337 _2rdamedia
_asin mediación
_bn
338 _2rdacarrier
_avolumen
_bnc
490 _aShepherd's notes.
504 _aIncluye referencias bibliográficas (p. 101-102).
505 _aIntroducción. -- Primeros años - Adolescencia - Estudiante en Cartago - Manichee y astrólogo - Cartago, Roma y Milán - Ambiciones y conflictos seculares - Una búsqueda neoplatónica - Los dolores de parto de la conversión - Cassiciacum: A Mónica muerte - Memoria - Tiempo y eternidad - Creación platónica y cristiana - Encontrar la iglesia en Génesis.
563 _aRústico
653 _aAgustín, - de hipopótamo, santo, - 354-430
700 1 _aFreeman, Kirk,
_d1966-
_eeditor
942 _cBK
945 _aJTF925